LEADER 01277nam a2200241 4500 001 000000336013 003 CaOOAMICUS 005 20190816094213.0 008 190816s1790 it 000 u ita r 026 $a8.7. o-le e.me zeep (3) 1790 (R) 040 $aSeMil$bita 245 00$aTomo 3. Parte prima che contiene recapiti e memorie presentate dai prelati medesimi in corredo dei detti atti. 264 1$aLugano :$bPer gli Agnelli, e Comp.,$c1790. 300 $a[4], 380 p. ;$c8° 500 $aSegn.: ?² A-Z? 2A? 710 11$aEpiscopato Toscano.$0(OLS)http://semarc/name/110084 752 $asz$dLugano 773 0 $aEpiscopato Toscano$tAtti dell'assemblea degli arcivescovi e vescovi della Toscana tenuta in Firenze nell'anno 1787. Tomo 1. [-4.].$dLugano : Per gli Agnelli, e Comp., 1789-1793.$bSeconda edizione esattamente corretta sulla prima di Firenze$w()336010 850 $aSeMil 852 $aSeMil$W1$xVenegono$y1$m3X III 72 FA$j215323$B227848$CSeMilBibl$Z2$F227848 $8I 996 $6245$aTomo 3. Parte prima che contiene recapiti e memorie presentate dai prelati medesimi in corredo dei detti atti$9(OLS)http://semarc/title/425310 996 $6264$aLugano :$bPer gli Agnelli, e Comp.$9(OLS)http://semarc/publisher/58300 LEADER 00900naa a2200145 i 4500 001 000000324892 003 CaOOAMICUS 005 20180831173452.0 008 180831n xx u000 u und u 013 $a35803 040 $aSeMil$bita 245 10$aSub tuam misericordiam ; Alma Redemptoris Mater ; Ave Regina coelorum ; Litanie della Madonna [2 brani] ; Custos preces mortalium ; Benedicite omnes angeli ; Deo fruentes fulgidae ; A voi divino gaudio ; Apostolorum passio. 650 4$aLibri liturgici - Antifonale ambrosiano.$0(OLS)http://semarc/subject/5210 773 0 $tAntifonale ambrosiano.$dBologna : Clivis $g[file audio]27-36$w()244770 996 $6245$aSub tuam misericordiam ; Alma Redemptoris Mater ; Ave Regina coelorum ; Litanie della Madonna [2 brani] ; Custos preces mortalium ; Benedicite omnes angeli ; Deo fruentes fulgidae ; A voi divino gaudio ; Apostolorum passio.$9(OLS)http://semarc/title/398139